000 00731nam a2200217Ia 4500
003 GCL
008 140319s9999 xx 000 0 ara d
040 _aGCL /
_cGCL
082 0 4 _a410
_bم م
100 1 _aمحمود محمد الطناحى
245 1 0 _aمدخل الى تاريخ نشر التراث العربى مع محاضرة عن التصحيف والتحريف /
_cمحمود محمد الطناحى
260 _a[S.N] :
_bمكتبة الخانجى ،
_c1984
300 _a406 ص
490 _a
650 0 4 _aالادب العربى
650 0 4 _aاللغة العربية
650 0 4 _aالتراث العربى
650 0 4 _aالعلوم عند العرب
650 0 4 _aنشر الكتب
942 _2ddc
_cBK
999 _c36779
_d36779